Joueurs ayant atteint les finales des 4 tournois du grand chelem - Statistiques

Statistiques générales
  • Ce quiz a été pris 231 fois
  • Le résultat moyen est 6 sur 10
Statistiques - réponses
Réponse % Correct
Federer
100%
Djokovic
99%
Nadal
99%
Agassi
75%
Murray
75%
Lendl
50%
Laver
43%
Edberg
34%
Courier
24%
Rosewall
14%
Aucun quiz correspondant
Distribution des résultats
% des personnes avec chaque résultat
Percentile par nombre de réponses
Votre historique - résultats
Vous n’avez pas pris ce quiz